000 00790nam a22002531 4500
001 35490
003 BD-RjUL
005 20211209052330.0
008 841113r19591957nyua 001 0 eng d
035 _a(BD-RjUL)35584
040 _aDLC/ICU
_cICU
_dDLC
_dBD-RjUL
_beng
041 _aeng
082 0 0 _a519.5
_bFRN
_221
100 1 _aFraser, D. A. S.
_q(Donald Alexander Stuart),
_d1925-
_924635
245 1 0 _aNonparametric methods in statistics /
_c D. A. S. Fraser,
260 _aNew York :
_bWiley,
_c1957 [Printed 1959, 1966]
300 _a299 p. :
_bill. ;
_c24 cm.
504 _aIncludes Index
650 0 _aNonparametric statistics.
_921374
942 _2ddc
_cBK
999 _c35490
_d35490